00327nam a2200121Ia 4500008004100000245006400041260001700105260000900122300000900131650002300140650001200163856003000175170516s9999 xx 000 0 und d aCardiovascular Molecular Imaging as a Tool to Study Biology bTheranostics c2013 a3:11 xMedical Technology xMedtech uhttp://www.thno.org/v3i11